000 00282nam a22001337a 4500
008 170131b xxu||||| |||| 00| 0 eng d
020 _a160500860
041 _aeng
080 _22ND
_a61
100 _a3
101 _aSHMI
245 _aHEMATOLOGY MKSAP
_cJACOB, H
942 _2udc
_cBK
999 _c4038
_d4038